000 00603nam a2200181 i 4500
001 82728
003 ES-MaACL
005 20230906174725.0
007 t|
008 041111s1969 sp ||||1| spa d
100 1 _aIdígoras Villar, José Andrés.
_965047
245 1 4 _aLas Cajas de Ahorros benéficas
_b: sus operaciones, contabilidad y tributación /
_cpor José Andrés Idígoras Villar ; prólogo de Ignacio Aspichueta.
250 _a7ª ed.
260 _a[S.l. :
_bs.n.,
_c1969]
300 _a174 p. ;
_c21 cm.
700 1 _aAspichueta, Ignacio.
_923635
852 _aES-MaACL
_jC-49985
_bR.72259
999 _c82728
_d82728